00416pab a2200133 454500008004000000100001700040245011500057260000900172300001500181362000800196650002100204650002800225773002900253180718b2012 xxu||||| |||| 00| 0 eng d aCurry, Nigel aCommunity participation in spatial planning: Exploring relationships between professional and lay stakeholders c2012 ap.345-366. aJun aLocal government aCommunity participation aLocal Government Studies